01488nam a22004097a 4500003000500000005001700005008004100022010001000063011001000073020001800083035001100101040000900112082001400121100002900135245008500164250001000249260004400259300003700303590004100340590004100381590004100422590004100463590004100504590004200545650003600587650003700623650002300660650003200683650003800715700003000753700002600783901000700809942001000816949008200826999001700908952015300925CHAP20220329143318.0080519d2007 us r 00110 eng d a94812 a95784 a9780471705116 a106415 cCHAP04a620.1bR500aRiley, William F.9974361 aMechanics of materialsc/by William F. Riley, Leroy D. Sturges and Don H. Morris a6 ed. aHoboken, NJ :bJohn Wiley & Sons,c2007 aviii, 711 p. :bilus. ; gráfs. aBATCH-UPDb10c20130110lUCH01h0251 aBATCH-UPDb10c20130110lUCH01h1020 aBATCH-UPDb10c20130409lUCH01h2322 aBATCH-UPDb10c20130410lUCH01h1316 aBATCH-UPDb10c20130914lUCH01h1639 aCONVERSIONb10c20130109lUCH01h135214aIngeniería mecánica.95826014aIngenieríaxMateriales.95818914aMateriales.97294114aMecánica aplicada.97381814aResistencia de materiales.9961230 aSturges, Leroy D.91101011 aMorris, Don H.978893 aBK cLIBRO a620.1 R5bBCcLIBROd33724002056835eLIBROgI.c/eh109412i106415sot$883.00 c94812d94812 00102ddc4052708GRALaBCbBCcPP_GRALd2019-12-31eI.c/efLIBROl1o620.1 R5p33724002056835r2023-11-15 00:00:00s2023-10-31w2019-12-31yLIBRO